00408 2200157 4500001002100000008004100021035002000062245004500082100001900127260002600146300002200172020002200194084001400216082000800230990001200238INLIS000000000002810 IND  a0010-0925000157 aCatatan Hati Seorang IbucRembulan Putri aRembulan Putri aJakartabNuansac2016 a164c(13 x 19 cm) a978-602-73112-8-2 a813 REM c a813 a0755032